| 000 | 00883nam a22002057a 4500 | ||
|---|---|---|---|
| 999 |
_c4084 _d4084 |
||
| 003 | AR-CdUCM | ||
| 008 | 190307b ||||| |||| 00| 0 spa d | ||
| 040 |
_aMUNICIPALIDAD PROVINCIAL DEL CUSCO _cBIBLIOTECA MUNICIPAL DEL CUSCO |
||
| 082 |
_a869.551 / _bG14 |
||
| 100 |
_aGalarreta Gonzales, Julio _912965 |
||
| 245 |
_aAbelardo Gamarra : _bEducador Peruano / |
||
| 260 |
_aLima : _bUniversidad Nacional Federico Villarreal, Dirección Universitaria de Investigación, _c1974. |
||
| 300 |
_a160 páginas ; _bretrato, _c20 cm. |
||
| 505 | _aContenido: El Peruano y Abelardo Gamarra -- Semblanza de un maestro -- Valores educativos en la vida de Abelardo Gamarra -- La doctrina educativa de Abelardo Gamarra -- Abelardo Gamarra en la educación Peruana ... | ||
| 650 |
_aBiografía _922 |
||
| 650 |
_aHistoria _9136 |
||
| 650 |
_aLiteratura _983 |
||
| 942 |
_2ddc _cLIBROS |
||
| 945 | _aachl | ||